Statistiques concernant Personnes célèbres par surnoms

Cliquez ici pour prendre le quiz!

Statistiques générales

  • Ce quiz a été pris 10 533 fois
  • Le résultat moyen est 8 sur 16

Statistiques - réponses

SurnomNom% Correct
Le Roi-SoleilLouis XIV
97%
La Pucelle d'OrléansJeanne d'Arc
81%
Cœur de LionRichard Ier d'Angleterre
68%
Le CheErnesto Guevara
66%
La MômeEdith Piaf
58%
La Dame de ferMargaret Thatcher
55%
Le KingElvis Presley
50%
Le TerribleIvan IV
44%
Le DuceBenito Mussolini
41%
L'Idole des JeunesJohnny Hallyday
35%
L'EmpaleurVlad III
34%
Le Petit CaporalNapoléon Bonaparte
32%
MadibaNelson Mandela
30%
Le TigreGeorges Clemenceau
28%
Le Renard du DésertErwin Rommel
18%
Le Beatle silencieuxGeorge Harrison
18%

Distribution des résultats

Percentile par nombre de réponses

% des personnes avec chaque résultat

Votre développement - résultats

Vous n’avez pas pris ce quiz